| 000 | 00584nam a22001937a 4500 | ||
|---|---|---|---|
| 003 | OSt | ||
| 005 | 20140310181757.0 | ||
| 008 | 130701t xxu||||| |||| 00| 0 eng d | ||
| 050 |
_aHE 365 _b.L698 1995 |
||
| 082 |
_aFIL 629.28 _b Li62 1993 |
||
| 245 |
_aThe Philippine road rules & regulations handbook _cRene C. Lichauco |
||
| 260 |
_aQuezon City, Philippines : _bThe Green Ads Group, _cc1995 |
||
| 300 |
_a150 p. : _bill. col. ; _c23 cm. |
||
| 520 | _aAutomobile drivers--Education | ||
| 521 | _aBasic Ed. Student | ||
| 541 | _j1 | ||
| 562 | _e1 | ||
| 942 |
_2lcc _cBK-FIL _kFIL |
||
| 999 |
_c3501 _d3501 |
||